007650000a220014500045001000023000002450108000233000031001315000023001625200232001856500028004177730059004459420008005049520090005129990017006021 aRendón, Hernán10aLa búsqueda y el desarrollo de la formación humana integral y del amor, a la luz de la encíclica. ano.11 (sep. , 2009),p.7-12 aUbicación:varios a"Sin verdad, sin confianza y amor por lo verdadero, no hay conciencia y responsabilidad social, y la actuación social se deja a merced de intereses privados y de lógicas de poder con efectos disgregadores sobre la sociedad"14aEDUCACION - ENSEÑANZA0 tRevista Quid ...Investigación, ciencia y tecnologí cANA 001040708HEMaFUSBCbFUSBCd2016-01-26l0o r2016-01-26 00:00:00w2016-01-26yANA c63109d63109